| 000 | 01021cam a22003017a 4500 | ||
|---|---|---|---|
| 003 | CHAP | ||
| 005 | 20220329142220.0 | ||
| 008 | 000223d1997 mx ab r 00110 spa d | ||
| 010 | _a80033 | ||
| 011 | _a81005 | ||
| 035 | _a91464 | ||
| 040 | _cCHAP | ||
| 090 | _aFolleto 15676 | ||
| 100 | 0 | 0 |
_aWall, Patrick C. _9120908 |
| 245 | 1 | 0 |
_aResultados de un sondeo de productores de trigo en el departamento de Cochabamba, Bolivia, 1994 _c/ |
| 260 |
_aSanta Cruz, Bolibbia : _bCentro Internacional de Mejoramiento de Mmmaíz y Trigo, _c1997. |
||
| 300 |
_a30 p. : _bilus. ; mapas ; gráfs. ; cuadros ; anexos |
||
| 590 |
_aBATCH-UPD _b10 _c20130110 _lUCH01 _h0507 |
||
| 590 |
_aCONVERSION _b10 _c20130109 _lUCH01 _h1344 |
||
| 650 | 1 | 4 |
_aTrigo _xBolivia. _9114987 |
| 650 | 1 | 4 |
_aTrigo _xRendimiento. _9115092 |
| 700 | 0 |
_aOrtiz Monasterio, J. Ivan. _984028 |
|
| 700 | 0 |
_aVelasco L., Jorge. _9118404 |
|
| 901 | _aBK | ||
| 905 | _aGuadalupe Pinto C. | ||
| 942 | _cFOLL | ||
| 949 |
_aFolleto 15676 _bBC _cFOLL _d914641 _eTS1 _i91464 _sb |
||
| 999 |
_c80033 _d80033 |
||